| 000 | 01819nam a2200241 u 4500 | ||
|---|---|---|---|
| 001 | 000025248 | ||
| 005 | 20200930023646.0 | ||
| 008 | 110209s1998 ck r 000 | spa d | ||
| 020 | _a9589479022 | ||
| 040 |
_aDO-SdBNP _bspa _cBNPHU |
||
| 082 |
_axxx _bA141c |
||
| 100 | 1 |
_aAbello Trujillo, José Ignacio _951741 |
|
| 245 | 1 | 0 |
_aCultura : _bteorias y gestión / _cJosé Ignacio Abello Trujillo; Silvio Sánchez Fajardo; Sergio de Zubiría Samper; prólogo Guillermo Páramo Rocha. |
| 260 |
_aSan Juan de Pasto : _bUniversidad de Unariño, _c1998. |
||
| 300 |
_a293 p. ; _c21 cm. |
||
| 500 | _aIncluye notas y referencia bibliográfica al pie de páginas | ||
| 505 |
_tPrologo / _rGuillermo Páramo Rocha _gI. _tConceptos y teorías _tVisión histórica / _rIgnacio Abello T. _tVisión contemporánea / _rSergio de Zubiría Samper _tVisión nacional / _rSilvio Sánchez Fajardo _gII. _tIdentidad y diferencia _tReiterada pregunta / _rSergio de Zubiría Samper _tIdentidad y diferencia / _rIgnacio Abello T. _tMomentos de la identidad cultural / _rSergio de Zubiría Samper _tIdentidades modernas y posmodernas en Latinoamérica / _rSergio de Zubiría Samper _gIII. _tMulticulturalidad _tConceptual / _rIgnacio Abello T. _tMulticulturalidad e interculturalidad / _rSergio de Zubiría Samper _tTemas centrales de la discusión en Colombia / _rSilvio Sánchez Fajardo _tCulturas populares / _rIgnacio Abello T. _tPara repensar lo popular / _rSilvio Sánchez Fajardo _gIV. _tGestión cultural _tAproximaciones a la gestión cultural / _rSergio de Zubiría Samper _tLa formación de gestores culturales / _rSilvio Sánchez Fajardo _tBibliografía |
||
| 500 | _aBibliografía : p. 290-293 | ||
| 700 | 1 |
_aSánchez Fajardo, Silvio _951742 |
|
| 700 | 1 |
_aZubiría Samper, Sergio de _951743 |
|
| 700 | 1 |
_aPáramo Rocha , Guillermo _epról. _951744 |
|
| 049 | _aBNGR | ||
| 999 |
_c24741 _d24741 |
||